[Event "Llinars del Valles op-B 8th"]
[Site "Llinars del Valles"]
[Date "2015.05.02"]
[Round "4"]
[White "Sierra Macias, Adan"]
[Black "Mateo Hernandez, Francesco"]
[Result "0-1"]
[WhiteElo "1783"]
[BlackElo "1831"]
[PlyCount "28"]
[EventDate "2015.04.11"]
[EventType "swiss"]
[EventRounds "9"]
[EventCountry "ESP"]
[SourceTitle "EXT 2016"]
[Source "ChessBase"]
[SourceDate "2015.10.08"]
[SourceVersion "1"]
[SourceVersionDate "2015.10.08"]
[SourceQuality "1"]

1. d4 d5 2. Nf3 Nf6 3. Bf4 Nc6 4. e3 Bg4 5. h3 Bf5 6. c4 e6 7. Nc3 Ne4 8. cxd5 exd5 9. Nxe4 Bxe4 10. Bd3 Bb4+ 11. Ke2 0-0 12. Bxe4 dxe4 13. Ne5 Qd5 14. Nxc6 Qb5+ 0-1

[Event "Roncana op-A 7th"]
[Site "Santa Eulalia de Roncana"]
[Date "2013.10.12"]
[Round "2"]
[White "Rius Soler, Benjami"]
[Black "Mateo Hernandez, Francesco"]
[Result "1-0"]
[WhiteElo "1777"]
[BlackElo "1598"]
[PlyCount "75"]
[EventDate "2013.10.05"]
[EventType "swiss"]
[EventRounds "8"]
[EventCountry "ESP"]
[SourceTitle "CBM 157 Extra"]
[Source "ChessBase"]
[SourceDate "2013.12.19"]
[SourceVersion "1"]
[SourceVersionDate "2013.12.19"]
[SourceQuality "1"]

1. d4 Nf6 2. Bf4 d5 3. e3 Nc6 4. Nc3 e6 5. Nf3 a6 6. a3 Be7 7. Bd3 Nh5 8. Bg3 Nxg3 9. hxg3 g6 10. Ne2 Bf6 11. c3 e5 12. dxe5 Nxe5 13. Nxe5 Bxe5 14. Nf4 Qd6 15. Qf3 c6 16. 0-0-0 h5 17. Qe2 Bd7 18. Kb1 b5 19. e4 0-0-0 20. exd5 cxd5 21. c4 Bxf4 22. gxf4 Qxf4 23. cxb5 Rhe8 24. Qc2+ Kb8 25. bxa6 Ba4 26. Qc5 Rd6 27. Rc1 Rc6 28. Qa5 Rec8 29. Rxc6 Rxc6 30. Qd8+ Ka7 31. Re1 Rc7 32. Qxd5 Qxf2 33. Re8 Qg1+ 34. Ka2 Bc6 35. Qc4 Qxg2 36. Be4 Bxe4 37. Qxc7+ Kxa6 38. Qc4+ 1-0

[Event "Llinars del Valles op-B 7th"]
[Site "Llinars del Valles"]
[Date "2013.04.27"]
[Round "3"]
[White "Rius Soler, Benjami"]
[Black "Mateo Hernandez, Francesco"]
[Result "1-0"]
[WhiteElo "1771"]
[BlackElo "1645"]
[PlyCount "139"]
[EventDate "2013.04.13"]
[EventType "swiss"]
[EventRounds "7"]
[EventCountry "ESP"]
[SourceTitle "CBM 154 Extra"]
[Source "ChessBase"]
[SourceDate "2013.06.25"]
[SourceVersion "2"]
[SourceVersionDate "2013.06.25"]
[SourceQuality "1"]

1. e4 e5 2. Bc4 Nc6 3. Ne2 Bc5 4. 0-0 Nf6 5. Nbc3 a6 6. a3 b5 7. Ba2 d6 8. d3 h6 9. Kh1 Ng4 10. f3 Nxh2 11. g3 Qd7 12. Ng1 Nxf1 13. Qxf1 Bxg1 14. Kxg1 Nd4 15. Qf2 Qh3 16. Be3 h5 17. Bxd4 exd4 18. Nd5 Ra7 19. Nf4 Qd7 20. Qxd4 c5 21. Qxg7 Rf8 22. Nxh5 Qe7 23. Nf6+ Kd8 24. Nd5 Qe8 25. Qf6+ Kd7 26. f4 Kc6 27. Kg2 Be6 28. Rh1 Bxd5 29. Bxd5+ Kc7 30. Rh7 Qd7 31. Rxf7 Rxf7 32. Qxf7 Qxf7 33. Bxf7 Kd8 34. Bd5 Ke7 35. g4 Kf6 36. Kg3 Rh7 37. g5+ Kg6 38. e5 Rh8 39. Be4+ Kf7 40. exd6 Rd8 41. f5 Rxd6 42. Kf4 Rd8 43. Ke5 Re8+ 44. Kd5 c4 45. Kc5 cxd3 46. cxd3 Rc8+ 47. Kb6 Rc2 48. b4 Rc3 49. Kxa6 Rxa3+ 50. Kxb5 Rc3 51. Kb6 Ke7 52. b5 Rc8 53. Ka6 Kd6 54. b6 Rc3 55. Kb5 Rb3+ 56. Kc4 Rxb6 57. Kd4 Rb4+ 58. Ke3 Ke5 59. Kf3 Rb6 60. Kg4 Rb2 61. Kh5 Kf4 62. f6 Ke5 63. Kg6 Rf2 64. Kg7 Ke6 65. Bg6 Ra2 66. Be8 Rf2 67. f7 Ke7 68. g6 Rf6 69. d4 Rf5 70. d5 1-0

[Event "Roncana op-B 6th"]
[Site "Santa Eulalia de Roncana"]
[Date "2012.10.06"]
[Round "1"]
[White "Izquierdo Fuster, Joan"]
[Black "Mateo Hernandez, Francesco"]
[Result "0-1"]
[WhiteElo "1233"]
[BlackElo "1598"]
[PlyCount "52"]
[EventDate "2012.10.06"]
[EventType "swiss"]
[EventRounds "8"]
[EventCountry "ESP"]
[SourceTitle "EXT 2024"]
[Source "ChessBase"]
[SourceDate "2023.10.10"]
[SourceVersion "1"]
[SourceVersionDate "2023.10.10"]
[SourceQuality "1"]

1. d4 Nf6 2. Nf3 d5 3. h3 Nc6 4. Bf4 e6 5. Nbd2 Bd6 6. Be3 Qd7 7. Bg5 b6 8. c4 dxc4 9. Nxc4 Ne4 10. Be3 Bb4+ 11. Nfd2 0-0 12. g3 Nxd4 13. Bg2 f5 14. a3 Bxd2+ 15. Nxd2 Ba6 16. Nxe4 fxe4 17. Bxd4 Rad8 18. e3 Qd5 19. Bf1 Qf5 20. Rh2 Bxf1 21. Kxf1 c5 22. Qa4 cxd4 23. Qxa7 dxe3 24. Qxb6 Qf3 25. Qxe6+ Kh8 26. Rg2 Rd1+ 0-1

[Event "Llinars del Valles op-B 6th"]
[Site "Llinars del Valles"]
[Date "2012.05.26"]
[Round "7"]
[White "Nunez Colome, David"]
[Black "Mateo Hernandez, Francesco"]
[Result "1-0"]
[WhiteElo "1410"]
[BlackElo "1600"]
[PlyCount "35"]
[EventDate "2012.04.14"]
[EventType "swiss"]
[EventRounds "9"]
[EventCountry "ESP"]
[SourceTitle "EXT 2013"]
[Source "ChessBase"]
[SourceDate "2012.11.22"]
[SourceVersion "1"]
[SourceVersionDate "2012.11.22"]
[SourceQuality "1"]

1. e4 d5 2. exd5 Nf6 3. Nf3 Nxd5 4. d4 Bg4 5. h3 Bh5 6. c4 Nb6 7. c5 Nd5 8. Nc3 Nc6 9. Be2 e6 10. 0-0 b6 11. Qa4 Nde7 12. g4 Bg6 13. Bb5 a6 14. Bxc6+ Nxc6 15. Qxc6+ Ke7 16. cxb6 cxb6 17. Re1 h6 18. Nd5+ 1-0